Riziká a ohrozenia projektov

Risk manažment ako neoddeliteľná súčasť každého projektu. Plánovanie rizík a identifikácia problémov, ktoré by mohli ohroziť realizáciu projektu. Pravdepodobnosť nastania rizika a proces jeho riadenia.

Saved in:
Bibliographic Details
Main Author: Minárik, Peter
Format: Book Chapter
Language:Slovak
Subjects:
Tags: Add Tag
No Tags, Be the first to tag this record!

MARC

LEADER 00000naa a2200000 4500
001 0201809
005 20230912114602.3
041 0 |a slo 
044 |a SK 
245 1 0 |a Riziká a ohrozenia projektov  |c Peter Minárik 
520 |a Risk manažment ako neoddeliteľná súčasť každého projektu. Plánovanie rizík a identifikácia problémov, ktoré by mohli ohroziť realizáciu projektu. Pravdepodobnosť nastania rizika a proces jeho riadenia. 
610 2 0 |a risk management 
610 2 0 |a riadenie rizík 
610 2 0 |a riadenie zmien 
610 2 0 |a projekty 
610 2 0 |a manažéri 
610 2 0 |a opatrenia 
610 2 0 |a tímy pracovné 
100 1 |a Minárik, Peter